Statistics for Fast Food Riddles

Click here to take the quiz!

General Stats

  • This quiz has been taken 229 times
  • The average score is 6 of 13

Answer Stats

RiddleAnswer% Correct
Sandwich RulerBurger King
84%
Enchilada AlarmTaco Bell
81%
Golden ColonelKFC
72%
UndergroundSubway
72%
King of MilkDairy Queen
66%
Fast Asian BearPanda Express
58%
Several MenFive Guys
52%
Moon DollarsStarbucks
39%
Drowning PastriesDunkin' Donuts
36%
Pie HousePizza Hut
35%
Masked PiesDomino's Pizza
17%
Crunchy PasteKrispy Kreme
13%
Chicken-armsWings
11%

Score Distribution

Percentile by Number Answered

Percent of People with Each Score

Your Score History

You have not taken this quiz